000 00864na a2200289 4500
001 22551
003 MIRAKIL
005 20181213154944.0
008 170216b tu 000 0
035 _a14750
040 _aMilas
_btur
_cTR-AnCHP
041 _atur
082 _aCHP 364.13
_bİ73 [t.y.]
090 _aBROŞÜR 487
245 _aİşte rüşvet...
_bişte belgeleri
_c[hazırlayan] CHP
246 _aRüşvet belgeleri
260 _a[Ankara]
_b[CHP]
_c[t.y.]
_fBaşak Matbaası
300 _a[14] s.
_brnk. res.
_c30 sm.
440 _aCumhuriyet Halk Partisi yayınları
610 _aCHP
_xRaporlar
_yYolsuzluklar
650 _aRüşvet ve yolsuzluk
_xBelgeler
_zTürkiye
650 _aRüşvet ve yolsuzluk
651 _aTürkiye
_xYolsuzluklar
_yBelgeler
710 _aCumhuriyet Halk Partisi
942 _2ddc
_cBKS
999 _c3831
_d3831